Κατάλογος Βιβλιοθηκών Mediterranean College

Συναλλαγματικός Κίνδυνος και Εμπόριο / Μια Ανάλυση του Ελληνικού Εξωτερικού Εμπορίου (Record no. 4319)

MARC details
000 -LEADER
fixed length control field 02480cam a22001934a 4500
005 - ΗΜΕΡΟΜΗΝΙΑ ΚΑΙ ΩΡΑ ΤΕΛΕΥΤΑΙΑΣ ΕΝΗΜΕΡΩΣΗΣ
Πεδίο ελέγχου 20250605164143.0
008 - FIXED-LENGTH DATA ELEMENTS--GENERAL INFORMATION
Πεδίο ελέγχου σταθερού μήκους 250528s ||||||||||||||||||||||||d
035 ## - SYSTEM CONTROL NUMBER
System control number 19034
020 ## - ISBN
ISBN 9600105456
040 ## - ΠΗΓΗ ΚΑΤΑΛΟΓΟΓΡΑΦΗΣΗΣ
Φορέας πρωτότυπης καταλογογράφησης MC Athens Campus Library
Γλώσσα καταλογογράφησης Ελληνικά, Μοντέρνα (1453-)
Modifying agency MC Athens Campus Library
Κανόνες περιγραφικής καταλογογράφησης AACR2
245 1# - ΤΙΤΛΟΣ ΚΑΙ ΔΗΛΩΣΗ ΥΠΕΥΘΥΝΟΤΗΤΑΣ
Τίτλος Συναλλαγματικός Κίνδυνος και Εμπόριο / Μια Ανάλυση του Ελληνικού Εξωτερικού Εμπορίου
260 ## - PUBLICATION, DISTRIBUTION, ETC.
Name of publisher, distributor, etc. Gutenberg,
Date of publication, distribution, etc. 1994
300 ## - PHYSICAL DESCRIPTION
Extent 152
520 ## - SUMMARY, ETC.
Summary, etc. Η μελέτη αυτή καταπιάνεται θεωρητικά και Εμπειρικά με το ερώτημα κατά πόσο η μείωση του συναλλαγματικού κινδύνου επιδρά στις τιμές και τον όγκο του εξωτερικού εμπορίου της Ελλάδας. Πρόλογος, Εισαγωγή, Αβεβαιότητα στην Τιμή του Συναλλάγματος και Διεθνές Εμπόριο: Αναλυτικό Πλαίσιο, Οι Επιπτώσεις του Συναλλαγματικού Κινδύνου στο Εμπόριο, Μοντέλα Συναλλαγματικής Αβεβαιότητας, Αβεβαιότητα στην Τιμή του Συναλλάγματος και Διεθνές Εμπόριο: Εμπειρικά Θέματα, Η Μέτρηση της Συναλλαγματικής Αβεβαιότητας, Δείκτες της Συναλλαγματικής Αβεβαιότητας, Πραγματική Έναντι Ονοναστικής Συναλλαγματικής Αβεβαιότητας, Διμερή Έναντι Σταθμισμένης Συναλλαγματικής Διακύμανσης, Αποτελέσματα των Εμπειρικών Μελετών, Πραγματική Συνναλαγματική Ισοτιμία και Διακύμανση στην Ελλάδα: 1979-1989, Πολιτική Συναλλάγματος στην Ελλάδα: 1979-1989, Εκτίμηση του Μοντέλου και Εμπειρική Εφαρμογή, Εμπειρική Εκτίμηση του Οικονομικού Μοντέλου, Εμπειρική Εφαρμογή, Εμπειρικά Αποτελέσματα, Εξαγωγικό Εμπόριο, Εισαγωγικό Εμπόριο, Συμπεράσματα, Βιβλιογραφία.
700 1# - ΠΡΟΣΘΕΤΗ ΑΝΑΓΡΑΦΗ--ΦΥΣΙΚΟ ΠΡΟΣΩΠΟ
Personal name Λιαργκόβας Παναγιώτης Γ
9 (RLIN) 5308
942 ## - ADDED ENTRY ELEMENTS (KOHA)
Koha item type Books
Holdings
Τύπος τεκμηρίου Βιβλιοθήκη Τρέχουσα τοποθεσία Barcode Αριθμός εισαγωγής Ημερομηνία απόκτησης Ταξιθετικό σύμβολο Αριθμός αντιτύπου Κατάσταση απόσυρσης Κατάσταση χαμένου Κατάσταση κατεστραμμένου Μη δανεισμός Σύνολο δανεισμών Ημερομηνία τελευταίας εμφάνισης Η τιμή ισχύει από
Books MC Athens Campus Library MC Athens Campus Library 9780000043184 3971 05/06/2025 382.174 LIA 1           05/06/2025 05/06/2025

MC Athens Campus Library
Πατησίων 94 & Κοδριγκτώνος 13, 104 34
Πελλήνης 8 & Πατησίων 107, 112 51
Τ: +30 210 8899600

MC Thessaloniki Campus Library
Ίωνος Δραγούμη 21, 54625 | Ίωνος Δραγούμη 15, 54625
Τ: +30 2310 287779 – Τ: +30 2314 440300